[Event "Mumbai One Wealth op"]
[Site "Mumbai"]
[Date "2024.02.10"]
[Round "6"]
[White "Arnav, Ashish Thatte"]
[Black "Tanmay, Sanjay More"]
[Result "1-0"]
[WhiteElo "1280"]
[BlackElo "1158"]
[PlyCount "71"]
[EventDate "2024.02.05"]
[EventType "swiss"]
[EventRounds "7"]
[EventCountry "IND"]
[SourceTitle "CBM 218 Extra"]
[Source "ChessBase"]
[SourceDate "2024.03.31"]
[SourceVersion "1"]
[SourceVersionDate "2024.03.31"]
[SourceQuality "1"]

1. e4 e5 2. Nf3 Nc6 3. Bb5 a6 4. Bxc6 dxc6 5. h3 Bd6 6. 0-0 Nf6 7. Re1 0-0 8. d4 Re8 9. dxe5 Bb4 10. Qxd8 Rxd8 11. c3 Be7 12. exf6 Bxf6 13. Bf4 Be6 14. Bxc7 Rd7 15. Be5 Be7 16. Nbd2 Rad8 17. Nd4 c5 18. Nxe6 fxe6 19. Nf3 Bf6 20. Bxf6 gxf6 21. Kf1 b5 22. Ke2 Rg7 23. g3 b4 24. c4 a5 25. Rad1 Ra8 26. Rd6 Re7 27. Rc6 f5 28. e5 a4 29. Rd1 Ra5 30. Rdd6 Kf7 31. Ng5+ Kg6 32. Rxe6+ Rxe6 33. Nxe6 Kh5 34. Nf4+ Kg5 35. f3 b3 36. h4# 1-0